Baking with love (Record no. 7026)

MARC details
000 -LEADER
fixed length control field 00198nam a22000857a 4500
008 - FIXED-LENGTH DATA ELEMENTS--GENERAL INFORMATION
fixed length control field 170622b xxu||||| |||| 00| 0 eng d
020 ## - INTERNATIONAL STANDARD BOOK NUMBER
International Standard Book Number 978192077326
100 ## - MAIN ENTRY--PERSONAL NAME
9 (RLIN) 3635
Personal name Lewis. L
245 ## - TITLE STATEMENT
Title Baking with love
260 ## - PUBLICATION, DISTRIBUTION, ETC. (IMPRINT)
Place of publication, distribution, etc. China
Date of publication, distribution, etc. 2007
Holdings
Withdrawn status Lost status Source of classification or shelving scheme Damaged status Koha normalized classification for sorting Not for loan Home library Current library Shelving location Date acquired Total Checkouts Full call number Barcode Date last seen Price effective from Koha item type
    Dewey Decimal Classification   LEW_651_000000000000000_C6   Good Samaritan School Library Good Samaritan School Library Home Science 06/22/2017   LEW651 C-6 LEW7656 06/22/2017 06/22/2017 Reference

Powered by Koha